000
00193 a2200097 4500
020
_a
9781741854404
041
_a
eng
100
_a
Heather Hammonds
245
_a
Dog triks y training
942
_c
K
999
_c
30693
_d
30691